000 00814nam a2200193Ia 4500
003 GCL
008 140319s9999 xx 000 0 ara d
040 _aGCL /
_cGCL
082 0 4 _a025
_bم ع
100 1 _aمحمد فتحى عبدالهادى
245 1 0 _aعلم المكتبات والمعلومات : دراسات فى المؤسسات والاعلام والانتاج الفكرى /
_cمحمد فتحى عبدالهادى
260 _aالقاهرة :
_bمكتبة الدار العربية للكتاب ،
_c1996
300 _a270 ص ؛
_c24 سم
490 _aدراسات فى علم المكتبات والمعلومات
_v2
650 0 4 _aالمكتبات، علم
650 0 4 _aرؤوس الموضوعات
650 0 4 _aالعالم العربى - الانتاج الفكرى
942 _2ddc
_cBK
999 _c48960
_d48960